1715 1840 1748 1019 1808 1841 1522 1841 1836 1802 1440 1204 1613 1916 1786 1043 1829 1950 1090 1324 1722 1375 1339 1745 1571 1945 1829 1595 1904 1221 1656 1189 1148 1060 1108 1136 1549 1074 1729 1063 1366 1311 1157 1636 1416 1749 1121 1555 1077 1508 1000 1016 1157 1438 1910 1185 1509 1470 1403 1726 1963 1890 1413 1354 1060 1677 1508 1610 1783 1550 1549 1968 1232 1723 1542 1453 1925 1589 1788 1829 1806 1910 1198 1978 1568 1673 1263 1173 1076 1131 1346 1124 1928 1608 1656 1565 1941 1774 1994 BCNSPRNW ULIB Ver.6.0+V

เปลี่ยนเป็นภาษาไทย

Change to English
 แสดงรายละเอียดบรรณานุกรม
  กลับหน้าหลัก

Brief Record : Get Marc (ISO 2709) : E-mail record : QR code < ปิดหน้าต่าง
LEADER : 00000nam 2200000uu 4500
001    13399125166
003     ULIB
008    161026s2559||||th 000 0 tha d
020    ^a9786163956422
050  4 ^aDS578.32.T43^bก443บ
245 00 ^aบันทึกประวัติศาสตร์ ปั่นเพื่อพ่อเฉลิมพระเกียรติ 88 พรรษา ทวยราษฎร์จงรักล้ำปิตุรงค์ /^cกระทรวงศึกษาธิการ
250    ^aพิมพ์ครั้งที่ 1
260    ^aกรุงเทพฯ :^bบริษัทอมรินทร์พริ้นติ้งแอนด์พับลิชชิ่ง จำกัด (มหาชน),^c2559
300    ^a499หน้า :^bภาพประกอบสี ;^c30 ซม.
945    ^p0^l0^i001418
999    ^aณรีรัตน์
รายการนี้ยังไม่มีแท็ก
คุณยังไม่ได้ล็อกอิน คุณสามารถมีกิจกรรมร่วมกับเว็บไซต์ได้ แต่ต้องล็อกอินก่อน ::
  ล็อกอิน

รายการสื่อสารสนเทศ

ลำดับที่ ประเภท เลขเรียก/บาร์โค้ด สถานที่ สถานะ
1. การศึกษาทั่วไป
การศึกษาทั่วไป
DS578.32.T43 ก443บ ฉ.1 
  Barcode: 001418
ห้องสมุดวิทยาเขตสวรรค์ประชารักษ์
►หนังสือทั่วไป
บนชั้น

BibComment


ยังไม่เคยถูกคอมเมนท์

คอมเมนท์ทรัพยากรรายการนี้
  คอมเมนท์: บันทึกประวัติศาส..


 Copyright 2026. Bcnsprnw @Library